000 01128nam0a22002651 4500
001 rc\4183102
005 20260406094700.0
035 _a(NLR Aleph) 008001950
090 _a8645418
_c8645418
100 _a20130415d1952 u y0rusy50 ca
101 0 _arus
102 _aRU
105 _aa z |||c|
200 1 _aКраткий исторический очерк развития электродвижения кораблей
_fВысш. воен.-мор. инж. ордена Ленина училище им. Ф.Э. Дзержинского
210 _aЛенинград
_cБ. и.
_d1952
215 _a62 с.
_cчерт.
_d23
300 _aПеред загл. авт.: доц., канд. техн. наук В.В. Тихонов
320 _aБиблиогр.: с. 61
700 1 _7ca
_8rus
_aТихонов
_bВ. В.
_cд-р техн. наук, судовое электрооборудование
_f1912-1994
_gВладимир Васильевич
_92687463
_3RU\NLR\AUTH\770287051
801 0 _aRU
_bNLR
_gpsbo
801 1 _aRU
_bELAR
_2rusmarc
852 _aNLR
_j57-6/5160
942 _cBOOK
980 _aNB